000 00558cam a22002053a 4500
001 33381
003 PGUSA
005 20140828083724.0
008 100808s2010||||xxu|||||s|||||000 | eng d
040 _aPGUSA
_beng
042 _adc
100 1 _aClark, Joan
245 1 0 _aPenny Nichols Finds a Clue
_h[electronic resource] /
_cJoan Clark
260 _bProject Gutenberg,
_c2010
506 _aPublic domain in the USA.
516 _aElectronic text
830 0 _aProject Gutenberg
_v33381
856 4 0 _uhttp://www.gutenberg.org/ebooks/33381
942 _cEB
999 _c262636
_d262636